|
|
|
|
| LEADER |
00000nam2a2200000 4500 |
| 001 |
13474 |
| 005 |
20231030185011.0 |
| 010 |
|
|
|a 5691002333
|
| 035 |
|
|
|a (RuTPU)RU\TPU\book\13556
|
| 035 |
|
|
|a BOOK00013624
|
| 090 |
|
|
|a 13474
|
| 100 |
|
|
|a 20011209d1999 m y0rusy50 ca
|
| 101 |
0 |
|
|a rus
|
| 102 |
|
|
|a RU
|
| 105 |
|
|
|a y j 000zy
|
| 200 |
0 |
|
|a Кн. 2. Психология образования
|
| 205 |
|
|
|a 3-е изд.
|
| 210 |
|
|
|d 1999
|
| 215 |
|
|
|a 606 с.
|
| 451 |
|
1 |
|0 (RuTPU)RU\TPU\book\14078
|y 5691002333
|t Кн. 2. Психология образования
|d 2000
|d 1998
|p 606 с.
|
| 451 |
|
1 |
|0 (RuTPU)RU\TPU\book\10100
|t Кн. 2. Психология образования
|p 608 с.
|
| 461 |
|
1 |
|0 (RuTPU)RU\TPU\book\67659
|t Психология
|o Учебник
|o В 3 кн.
|f Р. С. Немов
|v Кн. 2. Психология образования
|e 3-е изд.
|d 1999
|
| 610 |
1 |
|
|a психология
|
| 610 |
1 |
|
|a детская психология
|
| 610 |
1 |
|
|a дети
|
| 610 |
1 |
|
|a поведение
|
| 610 |
1 |
|
|a познание
|
| 610 |
1 |
|
|a личность
|
| 610 |
1 |
|
|a обучение
|
| 610 |
1 |
|
|a воспитание
|
| 610 |
1 |
|
|a педагогика
|
| 610 |
1 |
|
|a педагогическая психология
|
| 610 |
1 |
|
|a учебные пособия
|
| 686 |
|
|
|a Ю93я73
|v LBC/SL-A
|2 rubbk
|
| 686 |
|
|
|a Ю98я73
|v LBC/SL-A
|2 rubbk
|
| 801 |
|
0 |
|a RU
|b 63413507
|c 20011209
|g PSBO
|
| 801 |
|
2 |
|a RU
|b 63413507
|c 20220331
|g PSBO
|
| 900 |
|
|
|a Психодиагностика
|
| 942 |
|
|
|c BK
|